[Event "chess.com SpeedChess Q2Sw"]
[Site "chess.com INT"]
[Date "2022.11.12"]
[Round "13"]
[White "Erdogdu, M."]
[Black "Samsonkin, Artiom"]
[Result "1-0"]
[WhiteElo "2413"]
[BlackElo "2421"]
[PlyCount "99"]
[EventDate "2022.11.12"]
[EventType "swiss (blitz)"]
[EventRounds "14"]
[EventCountry "NET"]
[Source "Mark Crowther"]
[SourceDate "2022.11.14"]

1. e4 c6 2. d4 d5 3. exd5 cxd5 4. c4 Nf6 5. Nc3 e6 6. Nf3 Bb4 7. cxd5 Nxd5 8.
Bd2 Nc6 9. Bd3 Bd7 10. Nxd5 exd5 11. O-O Bxd2 12. Qxd2 O-O 13. Rfe1 Qf6 14. Ne5
Rad8 15. Bc2 Bf5 16. Bb3 Rfe8 17. Nxc6 Qxc6 18. Qa5 a6 19. Rac1 Rxe1+ 20. Rxe1
Qd6 21. Qxd5 Qxd5 22. Bxd5 Be6 23. Bxe6 fxe6 24. Re4 e5 25. Kf1 exd4 26. Ke2
Rd7 27. Kd3 Kf7 28. Rxd4 Re7 29. h4 h5 30. f3 Kf6 31. Rf4+ Kg6 32. Re4 Rd7+ 33.
Rd4 Rc7 34. g4 hxg4 35. fxg4 Kh6 36. Rd6+ Kh7 37. Rb6 Rf7 38. Ke4 Rc7 39. h5
Rc4+ 40. Kf5 Rc5+ 41. Kf4 Rc4+ 42. Kg5 Rc5+ 43. Kh4 Rc7 44. a4 a5 45. b3 Rd7
46. Kg5 Rd5+ 47. Kf4 Rd4+ 48. Kf5 Rd5+ 49. Ke4 Rd7 50. g5 1-0

[Event "chess.com SpeedChess Q2Sw"]
[Site "chess.com INT"]
[Date "2022.11.12"]
[Round "14"]
[White "Samsonkin, Artiom"]
[Black "Tan Zhongyi"]
[Result "0-1"]
[WhiteElo "2421"]
[BlackElo "2514"]
[PlyCount "62"]
[EventDate "2022.11.12"]
[EventType "swiss (blitz)"]
[EventRounds "14"]
[EventCountry "NET"]
[Source "Mark Crowther"]
[SourceDate "2022.11.14"]

1. e4 c5 2. Nf3 d6 3. d4 cxd4 4. Qxd4 Nc6 5. Bb5 Bd7 6. Bxc6 Bxc6 7. Nc3 Nf6 8.
Bg5 e6 9. O-O-O Be7 10. Rhe1 O-O 11. Kb1 Qa5 12. Qd2 Rfe8 13. Nd4 Rac8 14. f3
a6 15. g4 b5 16. h4 b4 17. Nce2 Ba4 18. b3 Bd7 19. Ng3 Qc5 20. Nh5 Nxh5 21.
Bxe7 Rxe7 22. gxh5 Qxh5 23. Qxb4 Qc5 24. Qd2 a5 25. Rg1 a4 26. Rg5 Qc3 27.
Rxg7+ Kxg7 28. Rg1+ Kh8 29. Qg5 Qxd4 30. e5 Qxe5 31. Qxe7 a3 0-1

[Event "Titled Tuesday 2022.09.13 Early"]
[Site "chess.com INT"]
[Date "2022.09.13"]
[Round "1"]
[White "Samsonkin, Artiom"]
[Black "Lopez, Hen"]
[Result "1/2-1/2"]
[WhiteElo "2421"]
[BlackElo "2102"]
[PlyCount "132"]
[EventDate "2022.09.13"]
[EventType "swiss (blitz)"]
[EventRounds "11"]
[EventCountry "NET"]
[Source "Mark Crowther"]
[SourceDate "2022.09.19"]

1. e4 c5 2. Nf3 d6 3. d4 cxd4 4. Qxd4 Nf6 5. Nc3 a6 6. Bc4 Nc6 7. Qd3 e6 8. Bf4
Qc7 9. O-O-O Be7 10. Bxd6 Bxd6 11. Qxd6 Qxd6 12. Rxd6 Ke7 13. Rhd1 Nd7 14. Bb3
h6 15. R6d2 g5 16. Nd4 Nxd4 17. Rxd4 b5 18. a4 bxa4 19. Nxa4 Rb8 20. Rc4 Ne5
21. Rc7+ Kf6 22. Nc5 Re8 23. Nd3 Ng6 24. e5+ Kg7 25. Re1 Re7 26. Rxe7 Nxe7 27.
f4 a5 28. fxg5 hxg5 29. Re4 Ng6 30. g3 Ba6 31. Nc5 Bb5 32. h4 gxh4 33. gxh4 Bc6
34. Rg4 Kh6 35. Nd3 Bb5 36. Bc4 Bc6 37. Kd2 Rd8 38. Kc3 Bf3 39. Rd4 Rc8 40. Kb3
Bc6 41. Rd6 Nxh4 42. Ba6 Rc7 43. c4 Nf5 44. c5 Bd5+ 45. Kc3 Kg5 46. Bc4 Be4 47.
Nf2 Bg2 48. Nd3 Be4 49. b4 axb4+ 50. Kxb4 Bxd3 51. Bxd3 Kf4 52. Bxf5 Kxf5 53.
Kb5 Kxe5 54. Rd1 f5 55. c6 f4 56. Kb6 Rc8 57. Kb7 Rxc6 58. Kxc6 f3 59. Re1+ Kf4
60. Kd6 f2 61. Rxe6 Kf3 62. Rf6+ Kg2 63. Rg6+ Kf3 64. Rf6+ Kg2 65. Ke5 f1=Q 66.
Rxf1 Kxf1 1/2-1/2

[Event "Titled Tuesday 2022.09.13 Early"]
[Site "chess.com INT"]
[Date "2022.09.13"]
[Round "2"]
[White "Vovk, Or"]
[Black "Samsonkin, Artiom"]
[Result "0-1"]
[WhiteElo "2315"]
[BlackElo "2421"]
[PlyCount "84"]
[EventDate "2022.09.13"]
[EventType "swiss (blitz)"]
[EventRounds "11"]
[EventCountry "NET"]
[Source "Mark Crowther"]
[SourceDate "2022.09.19"]

1. h4 h5 2. Nf3 Nf6 3. Ng5 g6 4. e4 d6 5. Bc4 e6 6. d4 d5 7. exd5 exd5 8. Bb5+
c6 9. Be2 Bg7 10. Nc3 O-O 11. Bf4 Re8 12. O-O b5 13. Re1 Bf5 14. Qd2 Nbd7 15.
Bf3 Nb6 16. b3 Qd7 17. Rxe8+ Rxe8 18. a4 b4 19. Nd1 a5 20. Ne3 Ne4 21. Bxe4
dxe4 22. Rd1 Nd5 23. Nxd5 Qxd5 24. Be3 f6 25. Nh3 Bxh3 26. gxh3 Kh7 27. Qe2 f5
28. Qc4 Rd8 29. Qa6 f4 30. Bxf4 Qf5 31. Bg3 Qxh3 32. Qxc6 e3 33. Qg2 Qg4 34. f3
Qf5 35. Qe2 Bxd4 36. Kg2 Rd5 37. Rd3 Rc5 38. Qd1 Bg7 39. Rd7 Rxc2+ 40. Kg1 Qh3
41. Rxg7+ Kh6 42. Qd7 Qg2# 0-1

[Event "Titled Tuesday 2022.09.13 Early"]
[Site "chess.com INT"]
[Date "2022.09.13"]
[Round "3"]
[White "Samsonkin, Artiom"]
[Black "Hasangatin, R."]
[Result "1-0"]
[WhiteElo "2421"]
[BlackElo "2465"]
[PlyCount "47"]
[EventDate "2022.09.13"]
[EventType "swiss (blitz)"]
[EventRounds "11"]
[EventCountry "NET"]
[Source "Mark Crowther"]
[SourceDate "2022.09.19"]

1. e4 d5 2. exd5 Qxd5 3. Nf3 Bg4 4. Be2 Nc6 5. h3 Bxf3 6. Bxf3 Qe5+ 7. Qe2
Qxe2+ 8. Bxe2 Nd4 9. Bd1 e5 10. O-O O-O-O 11. Re1 Bd6 12. d3 f5 13. Nd2 Nf6 14.
c3 Ne6 15. Nc4 Nc5 16. Bc2 Rhe8 17. Bg5 h6 18. Bxf6 gxf6 19. d4 exd4 20. Bxf5+
Kb8 21. Nxd6 cxd6 22. cxd4 Na4 23. Rxe8 Rxe8 24. Bd7 1-0

[Event "Titled Tuesday 2022.09.13 Early"]
[Site "chess.com INT"]
[Date "2022.09.13"]
[Round "10"]
[White "Samsonkin, Artiom"]
[Black "Gabdrakhmanov, Azat"]
[Result "1/2-1/2"]
[WhiteElo "2421"]
[BlackElo "2319"]
[PlyCount "106"]
[EventDate "2022.09.13"]
[EventType "swiss (blitz)"]
[EventRounds "11"]
[EventCountry "NET"]
[Source "Mark Crowther"]
[SourceDate "2022.09.19"]

1. e4 c5 2. Nf3 e6 3. Nc3 a6 4. d4 cxd4 5. Nxd4 Qc7 6. Bd3 Nf6 7. Qe2 d6 8. f4
b5 9. e5 dxe5 10. fxe5 Nfd7 11. Nxe6 fxe6 12. Qh5+ g6 13. Bxg6+ hxg6 14. Qxg6+
Kd8 15. Bg5+ Be7 16. Bxe7+ Kxe7 17. Qg7+ Ke8 18. Qxh8+ Nf8 19. Ne4 Qe7 20.
O-O-O Nbd7 21. Rhf1 Ra7 22. Nd6+ Kd8 23. Nxc8 Kxc8 24. Rxd7 Rxd7 25. Qxf8+ Kc7
26. Qa8 Qg5+ 27. Kb1 Qxe5 28. Qxa6 Qe2 29. Qa7+ Kc6 30. Qa8+ Kc7 31. Rc1 Rd1
32. Qa7+ Kc6 33. Qa6+ Kc7 34. Qa5+ Kb7 35. b3 Rxc1+ 36. Kxc1 Qxg2 37. Qxb5+ Kc7
38. Qe5+ Kd7 39. Kb2 Qf3 40. a4 Qg4 41. a5 Kc6 42. a6 Kb6 43. Qd6+ Ka7 44. b4
Qg7+ 45. Kb3 Qa1 46. b5 Qb1+ 47. Kc4 Qxc2+ 48. Kd4 Qf2+ 49. Ke5 Qf5+ 50. Kd4
Qf2+ 51. Kc4 Qc2+ 52. Kb4 Qb2+ 53. Kc4 Qc2+ 1/2-1/2

[Event "Olympiad"]
[Site "Chennai IND"]
[Date "2022.07.29"]
[Round "1.4"]
[White "Smith, Arnold"]
[Black "Samsonkin, Artiom"]
[Result "0-1"]
[WhiteElo "1931"]
[BlackElo "2434"]
[PlyCount "126"]
[EventDate "2022.07.29"]
[EventType "team"]
[EventRounds "11"]
[EventCountry "IND"]
[Source "ChessMix"]
[SourceDate "2022.08.10"]
[WhiteTeam "Liberia"]
[BlackTeam "Canada"]
[WhiteTeamCountry "LBR"]
[BlackTeamCountry "CAN"]

1. d4 Nf6 2. Nf3 e6 3. Bf4 d5 4. e3 c5 5. c3 Nc6 6. Nbd2 cxd4 7. exd4 Nh5 8.
Be3 Bd6 9. Ne5 g6 10. Bb5 Bd7 11. Nxd7 Qxd7 12. Nf3 a6 13. Ba4 O-O 14. O-O Ng7
15. Bh6 b5 16. Bc2 f6 17. h4 Rfe8 18. Re1 Nf5 19. Bc1 Bc7 20. g3 Kg7 21. Qd2
Na5 22. Bxf5 exf5 23. Qh6+ Kg8 24. Bf4 Nc4 25. b3 Nd6 26. Bxd6 Bxd6 27. Kg2 Re4
28. Rxe4 fxe4 29. Nh2 Rc8 30. Rc1 f5 31. Qg5 Ba3 32. Rc2 Be7 33. Qc1 Qe6 34.
Nf1 Bd6 35. Qg5 Be7 36. Qf4 Bd6 37. Qg5 Kg7 38. h5 Be7 39. Qf4 g5 40. Qe3 Qf7
41. Qe2 Kh8 42. g4 f4 43. f3 e3 44. a4 Qe8 45. axb5 Qxb5 46. c4 Qxb3 47. c5 Qb4
48. Ng3 fxg3 49. Qxe3 Qb5 50. Qe5+ Bf6 51. Qe6 Qc6 52. Qe3 Re8 53. Qd3 Bd8 54.
Kxg3 Bc7+ 55. Kg2 Qf6 56. Re2 Rf8 57. Qe3 a5 58. Rb2 Qf4 59. Qxf4 Bxf4 60. Kf1
a4 61. Ra2 Ra8 62. Ke2 a3 63. Kd1 Be3 0-1

[Event "Olympiad"]
[Site "Chennai IND"]
[Date "2022.08.06"]
[Round "8.4"]
[White "Solak, Dragan"]
[Black "Samsonkin, Artiom"]
[Result "1-0"]
[WhiteElo "2594"]
[BlackElo "2434"]
[PlyCount "133"]
[EventDate "2022.07.29"]
[EventType "team"]
[EventRounds "11"]
[EventCountry "IND"]
[Source "ChessMix"]
[SourceDate "2022.08.10"]
[WhiteTeam "Turkey"]
[BlackTeam "Canada"]
[WhiteTeamCountry "TUR"]
[BlackTeamCountry "CAN"]

1. e4 c5 2. Nf3 d6 3. d4 cxd4 4. Nxd4 Nf6 5. Nc3 a6 6. Bg5 Nbd7 7. Bc4 Qb6 8.
Bb3 e6 9. Bxf6 Nxf6 10. Qd2 Be7 11. O-O-O Nd7 12. Rhe1 O-O 13. f4 Nc5 14. g4
Qc7 15. g5 b5 16. a3 Bd7 17. Kb1 Rfb8 18. f5 a5 19. fxe6 fxe6 20. Nf5 Bf8 21.
Rg1 Be8 22. Nxd6 Bxd6 23. Qxd6 Qxd6 24. Rxd6 b4 25. axb4 axb4 26. Ne2 Nxb3 27.
cxb3 Ra5 28. Nf4 Rba8 29. Kc2 Rc8+ 30. Kd3 Rac5 31. Nxe6 Rc2 32. Rd8 Rxd8+ 33.
Kxc2 Rd6 34. Nf4 Rd4 35. Re1 Bg6 36. Ne6 Rd5 37. h4 Rd6 38. Nf4 Rd4 39. Ne6 Rd6
40. Nf4 Rd4 41. Nxg6 hxg6 42. Kb1 Rd3 43. Rf1 Rxb3 44. Ka2 Rd3 45. Rf4 Kh7 46.
e5 b3+ 47. Ka3 Kg8 48. e6 Re3 49. Kb4 Rxe6 50. Kxb3 Re7 51. Kc4 Kh7 52. b4 Re8
53. b5 Rb8 54. Kb4 Rf8 55. Rc4 Rb8 56. Rc6 Rf8 57. b6 Rf1 58. Rc4 Rf5 59. Ka4
Rf8 60. b7 Rb8 61. Rb4 Re8 62. Ka5 Re5+ 63. Ka6 Re6+ 64. Ka7 Re5 65. h5 Re8 66.
hxg6+ Kxg6 67. Rb5 1-0

[Event "Olympiad"]
[Site "Chennai IND"]
[Date "2022.08.07"]
[Round "9.4"]
[White "Samsonkin, Artiom"]
[Black "Ungurs, Edgars"]
[Result "1-0"]
[WhiteElo "2434"]
[BlackElo "2206"]
[PlyCount "95"]
[EventDate "2022.07.29"]
[EventType "team"]
[EventRounds "11"]
[EventCountry "IND"]
[Source "ChessMix"]
[SourceDate "2022.08.10"]
[WhiteTeam "Canada"]
[BlackTeam "Latvia"]
[WhiteTeamCountry "CAN"]
[BlackTeamCountry "LAT"]

1. e4 c6 2. d4 d5 3. e5 Bf5 4. h4 h5 5. c4 e6 6. Nc3 dxc4 7. Bxc4 Nd7 8. Nge2
Be7 9. g3 Nh6 10. Bf4 Bg6 11. Qd2 Nb6 12. Bb3 Qd7 13. a4 a5 14. Bg5 Nf5 15. Rd1
Nd5 16. Nxd5 exd5 17. O-O Bxg5 18. Qxg5 Ne7 19. Qd2 Bf5 20. Kh2 Qe6 21. Nf4 Qh6
22. Ng2 Qxd2 23. Rxd2 Ra6 24. Rc1 Rb6 25. Rc3 Kd7 26. Bd1 g6 27. Ne3 Rb4 28. b3
Ke6 29. f3 Rc8 30. Ng2 Kd7 31. Nf4 Rc7 32. g4 hxg4 33. fxg4 Be4 34. Kg3 b5 35.
Nd3 Bxd3 36. Rdxd3 bxa4 37. bxa4 Nc8 38. Rc5 Ra7 39. h5 g5 40. h6 Ne7 41. h7
Ng6 42. Rf3 Nh8 43. Bc2 Rxd4 44. Rf5 Ra8 45. Rxg5 Ng6 46. Bxg6 fxg6 47. Rxg6
Rh8 48. Rxa5 1-0

[Event "Titled Tuesday 2022.07.19 Late"]
[Site "chess.com INT"]
[Date "2022.07.19"]
[Round "1"]
[White "Martin Barcelo, Carles"]
[Black "Samsonkin, Artiom"]
[Result "0-1"]
[WhiteElo "2221"]
[BlackElo "2434"]
[PlyCount "114"]
[EventDate "2022.07.19"]
[EventType "swiss (blitz)"]
[EventRounds "11"]
[EventCountry "NET"]
[Source "Mark Crowther"]
[SourceDate "2022.07.25"]

1. e4 c5 2. Nf3 d6 3. Bb5+ Nc6 4. h3 Bd7 5. O-O a6 6. Bxc6 Bxc6 7. Re1 e5 8. c3
Nf6 9. d4 Bxe4 10. dxe5 dxe5 11. Nxe5 Qxd1 12. Rxd1 Be7 13. Re1 O-O 14. Ng4
Rfe8 15. Nxf6+ Bxf6 16. Be3 b6 17. Nd2 Bd3 18. Nf3 Rad8 19. Rad1 Bc2 20. Rc1
Be4 21. Bg5 Bxf3 22. Bxf6 Rxe1+ 23. Rxe1 gxf6 24. gxf3 Rd2 25. Rb1 Kf8 26. Kf1
Ke7 27. Re1+ Kd6 28. Re2 Rd1+ 29. Kg2 Ra1 30. b3 b5 31. Kg3 a5 32. Kf4 a4 33.
bxa4 bxa4 34. Kf5 Rc1 35. Re4 Rxc3 36. Rxa4 Rxf3+ 37. Kg4 Rxf2 38. Ra7 c4 39.
a4 c3 40. Ra8 Kc7 41. Ra5 Kb6 42. Ra8 Kc5 43. Kg3 Ra2 44. Kf4 Kb4 45. Kf5 c2
46. Rc8 Kb3 47. Kxf6 Ra1 48. Rb8+ Kc3 49. Rc8+ Kb2 50. Rb8+ Ka3 51. Rc8 c1=Q
52. Rxc1 Rxc1 53. h4 Rh1 54. Kg5 Kxa4 55. h5 Kb5 56. Kh6 Kc6 57. Kg5 Kd6 0-1

[Event "Titled Tuesday 2022.07.19 Late"]
[Site "chess.com INT"]
[Date "2022.07.19"]
[Round "2"]
[White "Samsonkin, Artiom"]
[Black "Hosseinzadeh, N."]
[Result "1-0"]
[WhiteElo "2434"]
[BlackElo "2215"]
[PlyCount "143"]
[EventDate "2022.07.19"]
[EventType "swiss (blitz)"]
[EventRounds "11"]
[EventCountry "NET"]
[Source "Mark Crowther"]
[SourceDate "2022.07.25"]

1. e4 e5 2. Nf3 Nc6 3. Bc4 Bc5 4. c3 Nf6 5. d4 exd4 6. b4 Bb6 7. e5 d5 8. exf6
dxc4 9. Qe2+ Be6 10. b5 d3 11. Qe4 Na5 12. fxg7 Rg8 13. Bg5 Qd5 14. Qxh7 Kd7
15. O-O Qf5 16. Qh6 Bd5 17. Nbd2 Rae8 18. Rae1 Re2 19. Rxe2 dxe2 20. Re1 Re8
21. h4 Qg6 22. h5 Qxh6 23. Bxh6 f6 24. Be3 a6 25. a4 axb5 26. axb5 Nb3 27. Rxe2
Nc1 28. Re1 Nd3 29. Ra1 Bxe3 30. fxe3 Rxe3 31. h6 Bg8 32. Ra8 Re8 33. Rxe8 Kxe8
34. Nxc4 Kf7 35. Nh4 Nc5 36. b6 cxb6 37. Nd6+ Ke6 38. Ne8 f5 39. Ng6 Bh7 40.
Nf8+ Kf7 41. Nxh7 Ne6 42. Nef6 Nxg7 43. hxg7 Kxg7 44. Nd5 Kxh7 45. Nxb6 Kg6 46.
Kf1 Kg5 47. Kf2 Kf4 48. Nd5+ Ke4 49. Ne3 f4 50. Nc4 Kd3 51. Na5 Kxc3 52. Nxb7
Kd4 53. Kf3 Ke5 54. Nc5 Kf5 55. Nd3 Kg5 56. Nxf4 Kf5 57. g4+ Kg5 58. Kg3 Kf6
59. Kh4 Kg7 60. g5 Kh7 61. Kg4 Kg7 62. Kf5 Kf7 63. g6+ Kg7 64. Ne6+ Kg8 65. Kf6
Kh8 66. g7+ Kg8 67. Nf4 Kh7 68. Kf7 Kh6 69. Ne6 Kh5 70. g8=Q Kh4 71. Qg2 Kh5
72. Qg5# 1-0

[Event "Titled Tuesday 2022.07.19 Late"]
[Site "chess.com INT"]
[Date "2022.07.19"]
[Round "3"]
[White "Samsonkin, Artiom"]
[Black "Oparin, G."]
[Result "0-1"]
[WhiteElo "2434"]
[BlackElo "2683"]
[PlyCount "90"]
[EventDate "2022.07.19"]
[EventType "swiss (blitz)"]
[EventRounds "11"]
[EventCountry "NET"]
[Source "Mark Crowther"]
[SourceDate "2022.07.25"]

1. e4 c5 2. Nf3 d6 3. d4 cxd4 4. Qxd4 Nf6 5. Be2 Nc6 6. Qe3 g6 7. O-O Bg7 8. c4
O-O 9. Nc3 Bg4 10. Rb1 Qb6 11. Qf4 Bxf3 12. Bxf3 Ne5 13. Be2 Rac8 14. b3 e6 15.
Be3 Qa5 16. b4 Qd8 17. c5 Nfd7 18. Rfd1 dxc5 19. Bxc5 Re8 20. Nb5 b6 21. Be3
Rc2 22. Bf1 Rxa2 23. Nd6 Rf8 24. Bb5 Qe7 25. Nc4 Rc8 26. Nd6 Rd8 27. Rbc1 Nf8
28. Nc8 Rxd1+ 29. Rxd1 Qc7 30. Nd6 Qc2 31. Rf1 Qc7 32. Ne8 Qe7 33. Nxg7 f6 34.
Bd4 Kxg7 35. Bxe5 fxe5 36. Qxe5+ Qf6 37. Qc7+ Qf7 38. Qd6 g5 39. Bc4 Rc2 40.
Bb3 Qc7 41. Qd4+ e5 42. Qd5 Ng6 43. Qg8+ Kh6 44. Bxc2 Qxc2 45. Qg7+ Kxg7 0-1

[Event "Titled Tuesday 2022.07.19 Late"]
[Site "chess.com INT"]
[Date "2022.07.19"]
[Round "4"]
[White "Al Tarbosh, W."]
[Black "Samsonkin, Artiom"]
[Result "1-0"]
[WhiteElo "2203"]
[BlackElo "2434"]
[PlyCount "73"]
[EventDate "2022.07.19"]
[EventType "swiss (blitz)"]
[EventRounds "11"]
[EventCountry "NET"]
[Source "Mark Crowther"]
[SourceDate "2022.07.25"]

1. e4 c5 2. Nf3 d6 3. d4 cxd4 4. Nxd4 Nf6 5. Nc3 a6 6. h3 e5 7. Nde2 h5 8. Bg5
Be6 9. g3 Nbd7 10. a4 Rc8 11. Bg2 Be7 12. O-O Nh7 13. Bxe7 Qxe7 14. Qd2 h4 15.
g4 g5 16. Rad1 Rc6 17. Nd5 Bxd5 18. exd5 Rc7 19. Be4 Nhf6 20. Bf5 Nb6 21. Qxg5
Nfxd5 22. Qd2 Rg8 23. b3 Qf6 24. Kh1 Ne7 25. Qxd6 Qxd6 26. Rxd6 Nxf5 27. gxf5
Nd7 28. c4 Ke7 29. Rfd1 Rg5 30. Nc3 Rxf5 31. Rh6 Rc6 32. Nd5+ Kf8 33. Rh8+ Kg7
34. Rxh4 Nc5 35. Ne7 Rcf6 36. Rd8 Rxf2 37. Rg8# 1-0

[Event "Titled Tuesday 2022.07.19 Late"]
[Site "chess.com INT"]
[Date "2022.07.19"]
[Round "5"]
[White "Samsonkin, Artiom"]
[Black "Poliakova, Varvara"]
[Result "1-0"]
[WhiteElo "2434"]
[BlackElo "1965"]
[PlyCount "67"]
[EventDate "2022.07.19"]
[EventType "swiss (blitz)"]
[EventRounds "11"]
[EventCountry "NET"]
[Source "Mark Crowther"]
[SourceDate "2022.07.25"]

1. d4 f5 2. e4 fxe4 3. Nc3 Nf6 4. Bg5 g6 5. h4 h6 6. Bxf6 exf6 7. h5 g5 8. Nxe4
d5 9. Ng3 Be6 10. Bd3 Qd7 11. Bg6+ Bf7 12. Qd3 Nc6 13. Bf5 Be6 14. O-O-O O-O-O
15. Bxe6 Qxe6 16. Nf3 Nb4 17. Qb3 Bd6 18. Rhe1 Qf7 19. Nf5 Nc6 20. g4 Bf4+ 21.
Kb1 Rd7 22. Re2 Ne7 23. Qd3 Nxf5 24. Qxf5 Rhd8 25. Rde1 Kb8 26. Re6 Rd6 27. a3
c6 28. Ng1 R8d7 29. Nh3 Bh2 30. Re8+ Kc7 31. Rh8 Re7 32. Rxe7+ Qxe7 33. Rh7 Rd7
34. Rxe7 1-0

[Event "Titled Tuesday 2022.07.19 Late"]
[Site "chess.com INT"]
[Date "2022.07.19"]
[Round "6"]
[White "Samsonkin, Artiom"]
[Black "Wieczorek, O."]
[Result "1/2-1/2"]
[WhiteElo "2434"]
[BlackElo "2505"]
[PlyCount "128"]
[EventDate "2022.07.19"]
[EventType "swiss (blitz)"]
[EventRounds "11"]
[EventCountry "NET"]
[Source "Mark Crowther"]
[SourceDate "2022.07.25"]

1. e4 c5 2. Nf3 e6 3. Nc3 d6 4. d4 cxd4 5. Qxd4 Nc6 6. Bb5 Bd7 7. Bxc6 Bxc6 8.
Bg5 Qb6 9. Qd3 Qa6 10. O-O-O Qxd3 11. Rxd3 Nf6 12. Re1 Ng4 13. Rd2 Ne5 14. Nd4
Rc8 15. Nxc6 Rxc6 16. Red1 a6 17. Bf4 Nc4 18. Rd3 Be7 19. b3 Ne5 20. Bxe5 dxe5
21. Kb2 Rc8 22. Na4 b5 23. Nb6 Rb8 24. Nd7 Rc8 25. Nxe5 Bf6 26. f4 g5 27. g3
gxf4 28. gxf4 Rg8 29. R1d2 Bxe5+ 30. fxe5 Rg5 31. Rd6 a5 32. Ra6 a4 33. Ra7
axb3 34. axb3 Rxe5 35. Rf2 Rec5 36. Raxf7 Rxc2+ 37. Rxc2 Rxc2+ 38. Kxc2 Kxf7
39. Kc3 Kf6 40. Kb4 Ke5 41. Kxb5 Kxe4 42. Kc5 e5 43. b4 Kd3 44. b5 e4 45. b6 e3
46. b7 e2 47. b8=Q e1=Q 48. Qb3+ Ke2 49. Qe6+ Kf1 50. Qxe1+ Kxe1 51. Kd5 Kf2
52. h4 Kg3 53. h5 Kg4 54. h6 Kg5 55. Ke4 Kxh6 56. Kf3 Kg5 57. Kg2 h5 58. Kh1 h4
59. Kg1 Kh5 60. Kh1 Kg4 61. Kg1 h3 62. Kh1 Kh4 63. Kg1 Kg3 64. Kh1 h2 1/2-1/2

[Event "Titled Tuesday 2022.07.19 Late"]
[Site "chess.com INT"]
[Date "2022.07.19"]
[Round "7"]
[White "Oye-Stromberg, Alexander"]
[Black "Samsonkin, Artiom"]
[Result "1-0"]
[WhiteElo "2304"]
[BlackElo "2434"]
[PlyCount "61"]
[EventDate "2022.07.19"]
[EventType "swiss (blitz)"]
[EventRounds "11"]
[EventCountry "NET"]
[Source "Mark Crowther"]
[SourceDate "2022.07.25"]

1. d4 Nf6 2. c4 e6 3. Nc3 Bb4 4. Qc2 O-O 5. a3 Bxc3+ 6. Qxc3 b5 7. cxb5 c6 8.
Bg5 cxb5 9. Bxf6 Qxf6 10. e4 Bb7 11. e5 Qg6 12. Nf3 Rc8 13. Qe3 Nc6 14. Bd3 f5
15. exf6 Qxf6 16. Qe4 g6 17. O-O Na5 18. Qe5 Qxe5 19. Nxe5 d6 20. Ng4 Nb3 21.
Rad1 Nxd4 22. Rfe1 e5 23. f4 exf4 24. Re7 Bc6 25. Nf6+ Kf8 26. Rxh7 f3 27. Bxg6
Bd5 28. Rxd4 Rc1+ 29. Kf2 Rc2+ 30. Bxc2 fxg2 31. Rxd5 1-0

[Event "Titled Tuesday 2022.07.19 Late"]
[Site "chess.com INT"]
[Date "2022.07.19"]
[Round "8"]
[White "Samsonkin, Artiom"]
[Black "Sanchez Alvares, Kelvin Antonio"]
[Result "0-1"]
[WhiteElo "2434"]
[BlackElo "2215"]
[PlyCount "90"]
[EventDate "2022.07.19"]
[EventType "swiss (blitz)"]
[EventRounds "11"]
[EventCountry "NET"]
[Source "Mark Crowther"]
[SourceDate "2022.07.25"]

1. e4 c5 2. Nf3 d6 3. Bb5+ Nd7 4. c4 Ngf6 5. Nc3 a6 6. Ba4 g6 7. O-O Bg7 8. d3
O-O 9. Rb1 Nb6 10. Bc2 Bg4 11. h3 Bxf3 12. Qxf3 Nbd7 13. a3 Nb8 14. b4 cxb4 15.
axb4 Nc6 16. Be3 Nd7 17. Ne2 b5 18. cxb5 axb5 19. d4 Nb6 20. Bd3 Na7 21. d5 Nc4
22. Bxc4 bxc4 23. Rfc1 Nb5 24. Ng3 Na3 25. Ra1 Bxa1 26. Rxa1 Nc2 27. Rxa8 Qxa8
28. Bh6 Rc8 29. Kh2 Nd4 30. Qc3 e5 31. dxe6 Nxe6 32. f4 d5 33. Qe5 Qb8 34. Qf6
Rc6 35. f5 Qd8 36. Qa1 c3 37. fxe6 fxe6 38. exd5 exd5 39. Qa7 Rc7 40. Qa1 d4
41. Qa2+ Kh8 42. Ne4 Re7 43. Bg5 Qc7+ 44. Kh1 Rxe4 45. Qd5 Re1# 0-1

[Event "Titled Tuesday 2022.06.28 Early"]
[Site "chess.com INT"]
[Date "2022.06.28"]
[Round "5"]
[White "Samsonkin, Artiom"]
[Black "Nozdrachev, L."]
[Result "1-0"]
[WhiteElo "2428"]
[BlackElo "2367"]
[PlyCount "39"]
[EventDate "2022.06.28"]
[EventType "swiss (blitz)"]
[EventRounds "11"]
[EventCountry "NET"]
[Source "Mark Crowther"]
[SourceDate "2022.07.04"]

1. d4 c6 2. Nf3 d5 3. Bf4 Bf5 4. e3 e6 5. c4 Nd7 6. Qb3 Qb6 7. c5 Qxb3 8. axb3
Bxb1 9. Rxb1 b6 10. Ba6 bxc5 11. Bb7 Rd8 12. Bxc6 cxd4 13. Ne5 Ngf6 14. Bg5
Bb4+ 15. Ke2 Rc8 16. Bxf6 gxf6 17. Bxd7+ Ke7 18. Bxc8 Rxc8 19. Nd3 Rc2+ 20. Kf3
1-0

[Event "Titled Tuesday 2022.06.14 Early"]
[Site "chess.com INT"]
[Date "2022.06.14"]
[Round "1"]
[White "Samsonkin, Artiom"]
[Black "Stankovic, Iv"]
[Result "0-1"]
[WhiteElo "2428"]
[BlackElo "2255"]
[PlyCount "146"]
[EventDate "2022.06.14"]
[EventType "swiss (blitz)"]
[EventRounds "11"]
[EventCountry "NET"]
[Source "Mark Crowther"]
[SourceDate "2022.06.20"]

1. d4 d5 2. Bf4 Nf6 3. e3 c5 4. c3 Nc6 5. Nf3 Qb6 6. Qc2 Bf5 7. dxc5 Bxc2 8.
cxb6 axb6 9. Na3 Rxa3 10. bxa3 e6 11. Bb5 Bxa3 12. Nd4 Bg6 13. Nxc6 bxc6 14.
Bxc6+ Ke7 15. O-O Rc8 16. Ba4 Rxc3 17. Be5 Rc4 18. Bb3 Rc6 19. Bd4 b5 20. f3
Ne8 21. Rf2 f6 22. Bb2 Bc5 23. Rc1 Kd7 24. Re2 Nd6 25. Kf2 Nc4 26. Bd4 Ba3 27.
Rc3 Bb4 28. Rc1 e5 29. Bc3 Ba3 30. Bxc4 Rxc4 31. Bb2 Rxc1 32. Bxa3 Rc4 33. Bf8
Bd3 34. Rd2 e4 35. Bxg7 Ke6 36. f4 h5 37. h3 f5 38. Rb2 Rc2+ 39. Rxc2 Bxc2 40.
Kg3 Bd1 41. Kh4 Bc2 42. Kxh5 b4 43. Kh4 Bb1 44. Bf8 Bxa2 45. Bxb4 Bb3 46. Bc5
Kf6 47. Bd4+ Kg6 48. g4 Bd1 49. Kg3 Bf3 50. gxf5+ Kxf5 51. h4 Bd1 52. Kf2 Kg4
53. Ke1 Bf3 54. Bf6 Kf5 55. Bg5 Bh5 56. Kd2 Be8 57. Kc3 Ba4 58. Kd4 Bb3 59. Kc3
Ba2 60. Kb4 Bc4 61. Kc5 Ba2 62. Kd6 d4 63. Bd8 dxe3 64. Ba5 Kxf4 65. h5 e2 66.
h6 Bg8 67. Kc5 Kf3 68. Kd4 Bh7 69. Be1 Kg2 70. Ke3 Kf1 71. Bc3 e1=Q+ 72. Bxe1
Kxe1 73. Kf4 Kf2 0-1

[Event "Titled Tuesday 2022.06.14 Early"]
[Site "chess.com INT"]
[Date "2022.06.14"]
[Round "2"]
[White "Pace, Christopher"]
[Black "Samsonkin, Artiom"]
[Result "0-1"]
[WhiteElo "2053"]
[BlackElo "2428"]
[PlyCount "86"]
[EventDate "2022.06.14"]
[EventType "swiss (blitz)"]
[EventRounds "11"]
[EventCountry "NET"]
[Source "Mark Crowther"]
[SourceDate "2022.06.20"]

1. e4 e6 2. d4 d5 3. Nc3 Nf6 4. Bg5 Be7 5. Bxf6 Bxf6 6. e5 Be7 7. Qg4 Kf8 8.
O-O-O c5 9. dxc5 Nc6 10. f4 Bxc5 11. Nf3 h5 12. Qg3 Qb6 13. Kb1 Bf2 14. Qg5 Qd8
15. Qxd8+ Nxd8 16. g3 g6 17. Be2 Kg7 18. Rhf1 Be3 19. h3 Nc6 20. Rd3 Bc5 21. a3
b6 22. Rdd1 Bb7 23. Nb5 a6 24. Nbd4 Nxd4 25. Nxd4 b5 26. g4 hxg4 27. hxg4 Rh2
28. Bf3 Rc8 29. c3 Bxd4 30. Rxd4 Rc4 31. Rxc4 bxc4 32. f5 gxf5 33. gxf5 exf5
34. Rd1 Kg6 35. Bxd5 Bxd5 36. Rxd5 f4 37. Rd4 Kg5 38. Rxc4 f3 39. Rc6 Rh1+ 40.
Kc2 f2 41. Rf6 f1=Q 42. Rxf1 Rxf1 43. Kd3 Kf5 0-1